000
00301nam a22001217a 4500
008
170621b xxu||||| |||| 00| 0 eng d
041
_a
eng
080
_a
94(7/8)
100
_a
16
101
_a
SHH
245
_a
THE COTTON MANUFACTURING INDUSTRY OF THE UNITED STATES
_c
COPELAND,M.TH
942
_2
udc
_c
BK
999
_c
18415
_d
18415